| 000 | 004440000a22001690004500 | ||
|---|---|---|---|
| 003 | MACL | ||
| 005 | 20160101123103.0 | ||
| 008 | 160101b xxu||||| |||| 00| 0 eng d | ||
| 040 |
_aMACL _cMACL |
||
| 041 | _aEnglish | ||
| 082 | _a428/FLA | ||
| 100 |
_aWood, Frederick T _926237 |
||
| 245 | _aCurrent English Usage | ||
| 260 |
_bEnglish Language Book Society _c1987 _aHong Kong |
||
| 650 |
_aStandard English _926238 |
||
| 942 |
_cBK _k428/WOO _2ddc |
||
| 999 |
_c34425 _d34425 |
||